| 000 | 00717cam a2200205 a 4500 | ||
|---|---|---|---|
| 001 | 000022296 | ||
| 005 | 20210325095748.0 | ||
| 008 | 880817s2001 cu b 001 0 spa | ||
| 020 | _a9590604706 | ||
| 040 |
_aDO-SdBNP _bspa _cBNPHU |
||
| 082 |
_a338.064 _bT113p |
||
| 100 |
_aTablada Pérez, Carlos. _d1948- _946055 |
||
| 245 | 1 | 3 |
_aEl pensamiento económico de Ernesto Che Guevara / _cCarlos Tablada Pérez. |
| 250 | _a28a. ed. | ||
| 260 |
_aLa Habana : _bCiencias Sociales _bInstituto Cubano del Libro, _c2001. |
||
| 300 |
_a212 p. ; _c23 cm. |
||
| 500 | _aIncluye datos biográficos del autor en la contracubierta | ||
| 500 | _aIncluye referencia bibliográficos y notas al pie de las páginas | ||
| 049 | _aBNGR | ||
| 999 |
_c21794 _d21794 |
||